| 000 | 01091nam0a22002771 4500 | ||
|---|---|---|---|
| 001 | rc\2265520 | ||
| 005 | 20260407163831.0 | ||
| 035 | _a(NLR Aleph) 006715714 | ||
| 090 |
_a5390172 _c5390172 |
||
| 100 | _a20110829d1978 |||y0rusy50 ca | ||
| 101 | 0 | _arus | |
| 102 | _aRU | ||
| 105 | _ay z ||||| | ||
| 200 | 1 |
_aКонституция (Основной Закон) Российской Советской Федеративной Социалистической Республики _eПринята на внеочередной седьмой сессии Верховного Совета РСФСР девятого созыва 12 апр. 1978 г. |
|
| 210 |
_aМосква _cИзвестия _d1978 |
||
| 215 |
_a47 с. _d20 |
||
| 606 |
_aКонституция РСФСР _2psbo |
||
| 740 | 1 |
_aРСФСР _tКонституция _f1978 _3RU\NLR\AUTH\8810102787 _9706202 |
|
| 801 | 0 |
_aRU _bNLR _gpsbo |
|
| 801 | 1 |
_aRU _bELAR _2rusmarc |
|
| 852 |
_aNLR _j78-4/18352 |
||
| 899 |
_aRuMoRGB _jБ 78-49/259 |
||
| 899 |
_aRuMoRGB _jБ 78-49/260 |
||
| 942 | _cBOOK | ||
| 980 | _aNB | ||